[Event "Winnipeg Woodbury Memorial"]
[Site "Winnipeg"]
[Date "2019.12.03"]
[Round "5.14"]
[White "Odeyemi, Emmanuel"]
[Black "Myrzaibraimova, Aibike"]
[Result "0-1"]
[WhiteElo "1177"]
[BlackElo "1566"]
[PlyCount "170"]
[EventDate "2019.11.05"]
[EventType "swiss"]
[EventRounds "6"]
[EventCountry "CAN"]
[SourceTitle "EXT 2023"]
[Source "ChessBase"]
[SourceDate "2022.10.05"]
[SourceVersion "1"]
[SourceVersionDate "2022.10.05"]
[SourceQuality "1"]

1. c4 e5 2. Nc3 Nf6 3. e3 c5 4. g3 d6 5. Bg2 Be7 6. Qb3 Nc6 7. Nd5 0-0 8. Nxe7+ Qxe7 9. Ne2 Bg4 10. Nc3 e4 11. 0-0 Bf3 12. Nd5 Nxd5 13. cxd5 Ne5 14. Qc3 c4 15. b3 cxb3 16. axb3 Be2 17. Bb2 Bxf1 18. Rxf1 f5 19. f4 exf3 20. Bxf3 Nxf3+ 21. Rxf3 Rf7 22. Qd4 Raf8 23. Kf2 Qe4 24. Qxa7 Qxd5 25. Bc3 Qxb3 26. Qd4 Qe6 27. Rf4 Qe7 28. Rh4 Re8 29. Rh6 Rc8 30. Rxd6 Qg5 31. Qe5 Re7 32. Re6 Rce8 33. Rxe7 Qxe7 34. Qd5+ Qf7 35. Qd4 h5 36. h4 Kh7 37. Qf4 Rg8 38. e4 Qc4 39. Qxf5+ g6 40. Qd7+ Kh6 41. Qxb7 Rf8+ 42. Ke3 Qc5+ 43. Bd4 Qa3+ 44. Bc3 Qc5+ 45. Kd3 Rf3+ 46. Kc2 Qf8 47. Qc7 Rf7 48. Qe5 Re7 49. Qg5+ Kh7 50. e5 Qf5+ 51. Qxf5 gxf5 52. d4 Kg6 53. Kd3 Re8 54. Ke3 Rc8 55. Bb2 Rc2 56. Ba1 Rg2 57. Kf3 Rg1 58. Bc3 Rd1 59. Ke3 Rc1 60. Bd2 Rc8 61. d5 Rc5 62. Kd4 Rc2 63. Kd3 Rc5 64. Kd4 Rc2 65. Bg5 Kf7 66. d6 Ke6 67. Bf4 Rc8 68. Bg5 Rc2 69. Bf6 Rg2 70. Kc5 Rxg3 71. Kc6 Rc3+ 72. Kb7 f4 73. d7 Kxd7 74. e6+ Kxe6 75. Bxc3 Kf5 76. Kc6 f3 77. Bd4 Kg4 78. Kd5 Kxh4 79. Ke4 Kg3 80. Kf5 h4 81. Be5+ Kg2 82. Bd4 h3 83. Kg4 h2 84. Kf4 h1Q 85. Ke3 f2 0-1